LEADER 01071nam a2200253 i 4500 001 000000144097 003 CaOOAMICUS 005 20051020000000.0 008 051020s1932 it u000 u ita u 013 $a119455 040 $aSeMil$bita 100 0 $aThomas : a Kempis,$d.$0(OLS)http://semarc/name/11742 245 13$aLa disciplina del chiostro :$besercizio spirituale /$cTommaso da Kempis ; Traduzione di Onorato Tescari. 260 $aTorino [etc.] :$bSEI,$c1932. 300 $a162 p. ;$c16 cm. 650 4$aEsercizi spirituali - Testi.$0(OLS)http://semarc/subject/3261 700 1 $aTescari, Onorato,$d<1876-1966>.$0(OLS)http://semarc/name/32134 850 $aSeMil 852 $aSeMil$W1$xVenegono$y1$m54 167 *$j97068$B97068$CSeMilBibl$Z2$F104723 $81 900 1 $aThomas : von Kempen. 961 $aRecupero: Biblioteca Seminario Saronno 996 $6245$aLa disciplina del chiostro :$besercizio spirituale$9(OLS)http://semarc/title/210779 996 $6260$aTorino [etc.] :$bSEI$9(OLS)http://semarc/publisher/32375 LEADER 01071nam a2200229 i 4500 001 000000165898 003 CaOOAMICUS 005 20071114000000.0 008 071114s1988 it u000 u ita u 013 $a143266 040 $aSeMil$bita 245 10$aMonsignor Pagani, la forza della fede :$bdocumenti, testimonianze, ricordi: un contributo tra cronaca e storia. 260 $a[S.l. :$bs.n.],$cstampa 1988$e(Perugia :$fGrafica Salvi ,$gstampa 1988) 300 $a95 p. :$bill. ;$c31 cm. 500 $aSuppl. al n. 41 del settimanale ĞLa Voceğ. - Fondo Card. Giovanni Colombo. 650 4$aPagani, Cesare .$0(OLS)http://semarc/subject/13201 850 $aSeMil 852 $aSeMil$W1$xVenegono$y1$m5C XI 4/28$j117069$B117069$CSeMilBibl$Z2$F128454 $81 941 1 $a3 961 $aLascito: Colombo Card. Giovanni 996 $6245$aMonsignor Pagani, la forza della fede :$bdocumenti, testimonianze, ricordi: un contributo tra cronaca e storia$9(OLS)http://semarc/title/236912 996 $6260$a[S.l. :$bs.n.]$9(OLS)http://semarc/publisher/29751